<?xml version="1.0" encoding="UTF-8"?>
<record
    xmlns:xsi="http://www.w3.org/2001/XMLSchema-instance"
    xsi:schemaLocation="http://www.loc.gov/MARC21/slim http://www.loc.gov/standards/marcxml/schema/MARC21slim.xsd"
    xmlns="http://www.loc.gov/MARC21/slim">

  <leader>00276nam a22001217a 4500</leader>
  <datafield tag="040" ind1=" " ind2=" ">
    <subfield code="c">HS</subfield>
  </datafield>
  <datafield tag="082" ind1=" " ind2=" ">
    <subfield code="a">633</subfield>
  </datafield>
  <datafield tag="100" ind1=" " ind2=" ">
    <subfield code="a">&#x179F;&#x17BB;&#x1780; &#x1782;&#x1793;&#x17D2;&#x1792;&#x17B8;</subfield>
  </datafield>
  <datafield tag="245" ind1=" " ind2=" ">
    <subfield code="a">Rice post-harvest technology.</subfield>
  </datafield>
  <datafield tag="260" ind1=" " ind2=" ">
    <subfield code="a">Japan</subfield>
    <subfield code="b">&#x179F;&#x17BB;&#x1780; &#x1782;&#x1793;&#x17D2;&#x1792;&#x17B8;</subfield>
    <subfield code="c">1995</subfield>
  </datafield>
  <datafield tag="300" ind1=" " ind2=" ">
    <subfield code="a">558p.</subfield>
  </datafield>
  <datafield tag="942" ind1=" " ind2=" ">
    <subfield code="c">EK</subfield>
  </datafield>
  <datafield tag="999" ind1=" " ind2=" ">
    <subfield code="c">8701</subfield>
    <subfield code="d">8701</subfield>
  </datafield>
  <datafield tag="952" ind1=" " ind2=" ">
    <subfield code="0">0</subfield>
    <subfield code="1">0</subfield>
    <subfield code="4">0</subfield>
    <subfield code="6">633_000000000000000_&#x179F;&#x17BB;&#x1780;_1995_C252</subfield>
    <subfield code="7">0</subfield>
    <subfield code="9">49361</subfield>
    <subfield code="a">LBB</subfield>
    <subfield code="b">LBB</subfield>
    <subfield code="c">C252</subfield>
    <subfield code="d">2016-08-09</subfield>
    <subfield code="o">633 &#x179F;&#x17BB;&#x1780; 1995 C252</subfield>
    <subfield code="p">RUA045680</subfield>
    <subfield code="r">2016-08-09</subfield>
    <subfield code="y">EK</subfield>
  </datafield>
  <datafield tag="952" ind1=" " ind2=" ">
    <subfield code="0">0</subfield>
    <subfield code="1">0</subfield>
    <subfield code="4">0</subfield>
    <subfield code="6">633_000000000000000_&#x179F;&#x17BB;&#x1780;_1995_C252</subfield>
    <subfield code="7">0</subfield>
    <subfield code="9">49362</subfield>
    <subfield code="a">LBB</subfield>
    <subfield code="b">LBB</subfield>
    <subfield code="c">C252</subfield>
    <subfield code="d">2016-08-09</subfield>
    <subfield code="o">633 &#x179F;&#x17BB;&#x1780; 1995 C252</subfield>
    <subfield code="p">RUA045404</subfield>
    <subfield code="r">2016-08-09</subfield>
    <subfield code="y">EK</subfield>
  </datafield>
</record>
